1250 1052 1515 1310 1328 1753 1870 1242 1826 1734 1619 1347 1053 1081 1159 1355 1637 1315 1115 1777 1218 1556 1332 1618 1555 1920 1649 1623 1177 1264 1155 1746 1025 1944 1686 1584 1250 1993 1939 1740 1963 1667 1927 1313 1995 1441 1196 1942 1247 1362 1605 1838 1087 1437 1440 1519 1838 1014 1475 1869 1905 1620 1496 1322 1445 1677 1631 1905 1344 1744 1519 1187 1448 1121 1529 1393 1299 1534 1573 1539 1540 1067 1730 1889 1314 1859 1895 1190 1246 1265 1302 1208 1670 1396 1597 1261 1151 1307 1301 BCNSPRNW ULIB Ver.6.0+V

เปลี่ยนเป็นภาษาไทย

Change to English
 แสดงรายละเอียดบรรณานุกรม
  กลับหน้าหลัก

Brief Record : Get Marc (ISO 2709) : E-mail record : QR code < ปิดหน้าต่าง
LEADER : 00000nam 2200000uu 4500
001    13399121052
003     ULIB
008    121101s2549||||th 000 0 tha d
020    ^a9749770153
050 04 ^aHV5072^bพ191ค
100 0  ^aวิวัฒน์ วนรังสิกุล
245 00 ^aโครงการงดเหล้าเข้าพรรษา :^bหนึ่งภาพสะท้อนทิศทางการทำงานเชิงเครือข่ายในสังคมไทย /^cจัดทำโดย บุญเรือง ขาวนวล ... [และคนอื่น ๆ] ; บรรณาธิการ,วิวัฒน์ วนรังสิกุล
246 24 ^aรายงานการถอดบทเรียนโครงการงดเหล้าเข้าพรรษาปี 2548 ของสมาคมหมออนามัย :^bหนึ่งภาพสะท้อนทิศทางการทำงานเชิงเครือข่ายในสังคมไทย
260    ^aนนทบุรี :^bสมาคมหมออนามัย,^c2549
300    ^a217 หน้า :^bภาพประกอบ ;^c27 ซม.
610 27 ^aโครงการงดเหล้าเข้าพรรษา
650  4 ^aการดื่มสุรา^vวิจัย
650  4 ^aวิจัย
700 0  ^aบุญเรือง ขาวนวล
700 0  ^aวิวัฒน์ วนรังสิกุล,^eบรรณาธิการ
710 2  ^aสมาคมหมออนามัย
945    ^p0^l0^i24358
995    ^aทศพร
999    ^aทศพร เกษรทอง
รายการนี้ยังไม่มีแท็ก
คุณยังไม่ได้ล็อกอิน คุณสามารถมีกิจกรรมร่วมกับเว็บไซต์ได้ แต่ต้องล็อกอินก่อน ::
  ล็อกอิน

รายการสื่อสารสนเทศ

ลำดับที่ ประเภท เลขเรียก/บาร์โค้ด สถานที่ สถานะ
1. วิทยาศาสตร์การแพทย์ และสุขภาพ
วิทยาศาสตร์การแพทย์ และสุขภาพ
HV5072 พ191ค ฉ.1 
  Barcode: 24358
ห้องสมุดวิทยาเขตสวรรค์ประชารักษ์
►หนังสือทั่วไป
บนชั้น

รายการใกล้เคียง
    ผู้แต่ง [วิวัฒน์ วนรังสิกุล]

    หัวเรื่อง [วิจัย]

BibComment


ยังไม่เคยถูกคอมเมนท์

คอมเมนท์ทรัพยากรรายการนี้
  คอมเมนท์: โครงการงดเหล้าเข..


 Copyright 2026. Bcnsprnw @Library